00705nam a2200241 a 4500001001300000003000900013005001700022008004100039020002300080082001600103100001500119245005000134260004000184300000900224500003500233505001000268650002100278700001500299902000800314942000700322952011700329999001700446nice12345678IN_TiNIC20260116014119.0130107s2012 newa grp 000 0 eng  a9788125045557c27500a954.16bSUB aSubba, T B aNorth-East Indiab A Handbook of Anthropology aNew Delhi bOrient Blackswan c2012 a430p aincludes index and biblioraphy2 aIndex aNorth East India1 aSubba, T B bSRS cBK 001040708StackRoom-aHMIbHMId2013-01-07g275.00l0o954.16 SUBp023991r2013-01-07v275.00w2013-01-07yBK c13936d13936